Memoria acerca de el Valle de Arán / (Record no. 189328)

MARC details
000 -LEADER
campo de control de longitud fija 00738nam a2200169 i 4500
001 - NÚMERO DE CONTROL
campo de control 189328
003 - IDENTIFICADOR DE NÚMERO DE CONTROL
campo de control ES-MaACL
005 - FECHA Y HORA DE LA ÚLTIMA TRANSACCIÓN
campo de control 20230906223440.0
008 - DATOS DE LONGITUD FIJA--INFORMACIÓN GENERAL
campo de control de longitud fija 190523s1878 sp |||| | spa d
100 1# - ENTRADA PRINCIPAL--NOMBRE DE PERSONA
Nombre de persona Márquez Pérez de Aguiar, Manuel.
9 (RLIN) 130343
245 10 - MENCIÓN DEL TÍTULO
Título Memoria acerca de el Valle de Arán /
Mención de responsabilidad, etc. por Manuel Márquez Pérez de Aguiar.
250 ## - MENCION DE EDICION
Mención de edición 2ª ed.
260 ## - PUBLICACIÓN, DISTRIBUCIÓN, ETC.
Lugar de publicación, distribución, etc. [S.l. :
Nombre del editor, distribuidor, etc. s.n.],
Fecha de publicación, distribución, etc. 1878 (
Lugar de fabricación/manufactura Gerona :
Fabricante Imp. de Pablo Puigblanquer)
300 ## - DESCRIPCIÓN FÍSICA
Extensión 142 p. ;
Dimensiones 21 cm.
651 #4 - PUNTO DE ACCESO ADICIONAL DE MATERIA--NOMBRE GEOGRÁFICO
Nombre geográfico Val d'Aran-
Subdivisión general Descripción.
9 (RLIN) 167102
852 ## - LOCALIZACIÓN
Ubicación ES-MaACL
Número de control de estantería B-8926(13)
Nota libre . - Legado de Federico de Botella y de Hornos
-- - Encuadernado en un vol. facticio, agrupado con el nombre en el lomo: España, geología, memorias y documentos varios 20 al 40
Holdings
Estatus retirado Estado de pérdida Estado de daño No para préstamo Colección Biblioteca de origen Biblioteca actual Ubicación en estantería Fecha de adquisición Fuente de adquisición Total de préstamos Signatura topográfica completa Código de barras Visto por última vez Precio de reemplazo Tipo de ítem Koha
        Libros del s. XIX Biblioteca del Ateneo de Madrid Biblioteca del Ateneo de Madrid Sala Pardo Bazán 23/05/2019     B-8926(13) 1200594 23/02/2023 23/02/2023 Libro impreso antiguo